| 000 | 00450nam a2200157Ia 4500 | ||
|---|---|---|---|
| 001 | 61133 | ||
| 008 | 161215n ii |||gr||||Z||||||hin | ||
| 082 | _a891.4309 | ||
| 100 |
_aChandiwala, Brojakishan, _eAuthor. |
||
| 245 | 0 |
_aDilli ki khoj _cBrojakishan Chandiwala _hTextual Documents |
|
| 260 |
_aDelhi: _bPrakashan Bibhag suchana aur mantralaya bharat Sarkar. |
||
| 300 |
_a318p: _c21cm. |
||
| 653 | _aHindi | ||
| 653 | _aG-Hindi | ||
| 942 |
_2ddc _cBK |
||
| 999 |
_c62247 _d62247 |
||